| 000 | 00580nam a2200205Ia 4500 | ||
|---|---|---|---|
| 005 | 20250508170038.0 | ||
| 008 | 008 250505s9999 xx 000 0 hin d | ||
| 020 | _a0-416-33040-1 | ||
| 037 | _aTextual | ||
| 040 |
_aFEDL _beng _cFEDL |
||
| 041 |
_ahin _2eng |
||
| 084 |
_a954, SHA _qFEDL |
||
| 100 | _aSharma Rajkumar Ed. | ||
| 245 | 0 | _aBhartiya chintan- srajan ka pragatikami maanviye paksh | |
| 260 |
_aDelhi, India _bUddbhavna _c2009 |
||
| 300 | _a540p. | ||
| 546 | _aGifted by Prof. Anita Rampal | ||
| 942 |
_cTEXL _h954, SHA |
||
| 999 |
_c1398893 _d1398893 |
||